Statistiques concernant Ace Attorney - Accusés

Cliquez ici pour prendre le quiz!

Statistiques générales

  • Ce quiz a été pris 48 fois
    (11 depuis la dernière actualisation)
  • Le résultat moyen est 33 sur 51

Statistiques - réponses

JeuAffaireAccusé(e)% Correct
Phoenix Wright: Ace AttorneyAdieux et volte-face (Épisode 4)Benjamin Hunter
100%
Phoenix Wright: Ace Attorney - Spirit of JusticeLa volte-face rituelle (Épisode 3)Maya Fey
100%
Phoenix Wright: Ace Attorney - Justice for AllRéunion, et volte-face (Épisode 2)Maya Fey
100%
Phoenix Wright: Ace AttorneyLa volte-face des soeurs (Épisode 2)Maya Fey
100%
Phoenix Wright: Ace AttorneyLa première volte-face (Épisode 1)Paul Defès
100%
Apollo Justice: Ace AttorneyAtout et volte-face (Épisode 1)Phoenix Wright
100%
Phoenix Wright: Ace AttorneyLa volte-face des soeurs (Épisode 2)Phoenix Wright
100%
Phoenix Wright: Ace Attorney - Trials and TribulationsVolte-face et souvenirs (Épisode 1)Phoenix Wright
100%
Phoenix Wright: Ace AttorneyLa volte-face du samouraï (Épisode 3)Gustavo Lonté
89%
Phoenix Wright: Ace AttorneyPhoenix renaît de ses cendres (Épisode 5)Lana Skye
89%
Apollo Justice: Ace AttorneyBoulevard des volte-face (Épisode 2)Willy Kitaki
89%
Phoenix Wright: Ace Attorney - Dual DestiniesVolte-face à la barre (Épisode Spécial)Anne Bator
78%
Phoenix Wright: Ace Attorney - Dual DestiniesDemain est une autre volte-face (Épisode 5)Athena Cykes
78%
Phoenix Wright: Ace Attorney - Dual DestiniesLa volte-face monstrueuse (Épisode 2)Damien Tenma
78%
Phoenix Wright: Ace Attorney - Trials and TribulationsLa volte-face volée (Épisode 2)Henri Duplaisir
78%
Phoenix Wright: Ace Attorney - Dual DestiniesVolte-face à rebours (Épisode 1)Marguerite Dubois
78%
Phoenix Wright: Ace Attorney - Dual DestiniesVolte-face sur les bancs (Épisode 3)Marguerite Dubois
78%
Phoenix Wright: Ace Attorney - Justice for AllVolte-face circus (Épisode 3)Maximilien Galactica
78%
Phoenix Wright: Ace Attorney - Dual DestiniesVolte-face à la barre (Épisode Spécial)Paula "Pauli" Sabord
78%
Phoenix Wright: Ace Attorney - Spirit of JusticeLa volte-face étrangère (Épisode 1)Sou Ih'vel Guidh
78%
Apollo Justice: Ace AttorneyVolte-face et Succession (Épisode 4)Vera Monin
78%
Phoenix Wright: Ace Attorney - Spirit of JusticeLa volte-face magique (Épisode 2)Vérité Wright
78%
Phoenix Wright: Ace AttorneyAdieux et volte-face - Incident DL-6 (Épisode 4)Yanni Yogi
78%
Apollo Justice: Ace AttorneyVolte-face et Succession - Procès Grimoire (Épisode 4)Zachary Grimoire
78%
Phoenix Wright: Ace Attorney - Trials and TribulationsLe pont des volte-face (Épisode 5)Iris
67%
Phoenix Wright: Ace Attorney - Trials and TribulationsRecette de volte-face (Épisode 3)Maguy Loiseau
67%
Phoenix Wright: Ace Attorney - Justice for AllLa volte-face perdue (Épisode 1)Maguy Loiseau
67%
Phoenix Wright: Ace Attorney - Justice for AllAdieu ma volte-face (Épisode 4)Matt Engarde
67%
Phoenix Wright: Ace Attorney - Trials and TribulationsLa volte-face volée (Épisode 2) - 2e ProcèsMatt Moissat
67%
The Great Ace Attorney: AdventuresThe Adventure of the Great Departure (Épisode 1)Ryunosuke Naruhodo
67%
Apollo Justice: Ace AttorneyVolte-face et Sérénade (Épisode 3)Tomas Kashkash
67%
The Great Ace Attorney: AdventuresThe Adventure of the Unspeakable Story (Épisode 5)Gina Lestrade
56%
Phoenix Wright: Ace Attorney - Dual DestiniesVolte-face cosmique (Épisode 4)Icare Solo
56%
Phoenix Wright: Ace Attorney - Trials and TribulationsLa volte-face initiale (Épisode 4)Régis Florimet
56%
Phoenix Wright: Ace Attorney - Dual DestiniesDemain est une autre volte-face (Épisode 5) - UR-1 IncidentSimon Blackquill
56%
The Great Ace Attorney 2: ResolveTwisted Karma and His Last Bow (Épisode 4)Barok van Zieks
44%
Phoenix Wright: Ace Attorney - Spirit of JusticeVolte-face et révolution - Khura'in (Épisode 5)Dhurke Sahdmadhi
44%
Phoenix Wright: Ace AttorneyPhoenix renaît de ses cendres - Incident SL-9 (Épisode 5)Joe Sinister
44%
The Great Ace Attorney: AdventuresThe Adventure of the Runaway Room (Épisode 3)Magnus McGilded
44%
Phoenix Wright: Ace Attorney - Spirit of JusticeVolte-face et révolution - Khura'in (Épisode 5)Nahyuta Sahdmadhi
44%
The Great Ace Attorney 2: ResolveThe Memoirs of the Clouded Kokoro (Épisode 2)Soseki Natsume
44%
The Great Ace Attorney: AdventuresThe Adventure of the Clouded Kokoro (Épisode 4)Soseki Natsume
44%
The Great Ace Attorney 2: ResolveThe Return of the Great Departed Soul (Épisode 3)Albert Harebrayne
33%
Phoenix Wright: Ace Attorney - Spirit of JusticeVolte-face et rakugo (Épisode 4)César Azin
33%
The Great Ace Attorney 2: ResolveThe Resolve of Ryunosuke Naruhodo (Épisode 5) - Professor KillingsGenshin Asogi
33%
Ace Attorney Investigations: Miles EdgeworthTurnabout Reminiscence - Second KG-8 Incident (Épisode 4)Mack Rell
33%
Gyakuten Kenji 2The Inherited Turnabout (Épisode 3) - IS-7 IncidentJeffrey Master
22%
Phoenix Wright: Ace Attorney - Spirit of JusticeRetour vers la volte-face (Épisode Spécial)Claire Colombe
11%
Ace Attorney Investigations: Miles EdgeworthTurnabout Reminiscence - First KG-8 Incident (Épisode 4)Manny Coachen
11%
Gyakuten Kenji 2The Grand Turnabout (Épisode 5) - SS-5 IncidentPatricia Roland
11%
The Great Ace Attorney 2: ResolveThe Adventure of the Blossoming Attorney (Épisode 1)Rei Membami
11%

Distribution des résultats

Percentile par nombre de réponses

% des personnes avec chaque résultat

Votre développement - résultats

Vous n’avez pas pris ce quiz depuis la dernière actualisation